Weiter zum Inhalt

Комаративный анализ парадигм феномена умственной отсталости в специальной педагогике России и США Диссертации и авторефераты

Gespeichert in:
Bibliographische Detailangaben
1. Verfasser: Моргачева Е. Н.
Format: Диссертации и авторефераты
Ausgabe:1
Online Zugang:https://znanium.com/catalog/document?id=86907
https://znanium.com/cover/0545/545615.jpg
Tags: Tag hinzufügen
Keine Tags, Fügen Sie den ersten Tag hinzu!
LEADER 01632nam0a2200265 i 4500
001 RU\infra-m\znanium\bibl\545615
003 https://znanium.com/catalog/document?id=86907
005 20190813000000.0
100 |a 20190813d2016 m y0rusy0150 ca 
101 0 |a rus 
102 |a RU 
200 1 |a Комаративный анализ парадигм феномена умственной отсталости в специальной педагогике России и США  |e Диссертации и авторефераты  |f Московский городской педагогический университет 
205 |a 1 
210 1 |a Москва  |c ООО "Научно-издательский центр ИНФРА-М"  |d 2011 
333 |a ВО - Магистратура 
606 |a Педагогика. Образование  |x Специальная (коррекционная) педагогика  |2 local 
608 |a Диссертации и авторефераты  |2 local 
675 |a 376  |z rus 
686 |a 743  |2 rubbk 
686 |a 44.03.03  |2 okso 
686 |a 44.04.03  |2 okso 
700 1 |a Моргачева  |b Е. Н.  |g Елена Николаевна  |p Московский городской педагогический университет 
801 0 |a RU  |b Общество с ограниченной ответственностью «ЗНАНИУМ»  |c 20160201  |2 rusmarc 
856 4 |a znanium.com  |m ebs_support@infra-m.ru  |n НИЦ ИНФРА-М  |u https://znanium.com/catalog/document?id=86907 
856 4 1 |a znanium.com  |d /cover/0545  |f 545615.jpg  |q image/jpeg  |u https://znanium.com/cover/0545/545615.jpg